000 00882nam a22002537a 4500
003 BPGM
005 20260624220711.0
008 260624b2020 mx ||||| |||| 001 0 spa d
020 _a978-607-7619-93-2
040 _aBPGM
_bspa
041 _aspa
_hspa
082 0 4 _aCQ / 808.88 /
_bL69 /
100 _aLOZANO, ALFREDO
245 _aUSE Y DESECHE
260 _aQUERETARO;
_bFONDO EDITORIAL DE QUERETARO,
_c2020.
300 _a61 paginas,
_c21.2 cm x 14 cm
336 _2rdacontent
_atexto
_btxt
337 _2rdamedia
_asin mediación
_bn
338 _2rdacarrier
_avolumen
_bnc
505 _aUSE Y DESECHE ES UN LIBRO DE POESIA QUE REFLEXIONA SOBRE LA SOCIEDAD ACTUAL, DONDE MUCHAS COSAS E INCLUSO LAS PERSONAS, PARECEN SER TRATADAS COMO OBJETO DE CONSUMO RAPIDO.
650 _aLITERATURA Y RETÓRICA
650 _aRETÓRICA Y COLECCIONES DE LITERATURA
942 _2ddc
_cCOLQ
999 _c68668
_d68668